The Management of Human Resources / Personnel Text and Current Issues (Record no. 925)
[ view plain ]
| 000 -LEADER | |
|---|---|
| fixed length control field | 01209cam a22002174a 4500 |
| 005 - ΗΜΕΡΟΜΗΝΙΑ ΚΑΙ ΩΡΑ ΤΕΛΕΥΤΑΙΑΣ ΕΝΗΜΕΡΩΣΗΣ | |
| Πεδίο ελέγχου | 20250605163950.0 |
| 008 - FIXED-LENGTH DATA ELEMENTS--GENERAL INFORMATION | |
| Πεδίο ελέγχου σταθερού μήκους | 250528s ||||||||||||||||||||||||d |
| 035 ## - SYSTEM CONTROL NUMBER | |
| System control number | 15335 |
| 020 ## - ISBN | |
| ISBN | 471860816 |
| 040 ## - ΠΗΓΗ ΚΑΤΑΛΟΓΟΓΡΑΦΗΣΗΣ | |
| Φορέας πρωτότυπης καταλογογράφησης | MC Athens Campus Library |
| Γλώσσα καταλογογράφησης | Ελληνικά, Μοντέρνα (1453-) |
| Modifying agency | MC Athens Campus Library |
| Κανόνες περιγραφικής καταλογογράφησης | AACR2 |
| 245 1# - ΤΙΤΛΟΣ ΚΑΙ ΔΗΛΩΣΗ ΥΠΕΥΘΥΝΟΤΗΤΑΣ | |
| Τίτλος | The Management of Human Resources / Personnel Text and Current Issues |
| 260 ## - PUBLICATION, DISTRIBUTION, ETC. | |
| Name of publisher, distributor, etc. | John Wiley & Sons, |
| Date of publication, distribution, etc. | 1984 |
| 300 ## - PHYSICAL DESCRIPTION | |
| Extent | 468 |
| 505 0# - FORMATTED CONTENTS NOTE | |
| Formatted contents note | Personnel History and Overview, Nondiscrimination and Affirmative Action, Careers, Job Analysis and Design, Human Resource Planning, Employment, Training and Development, Performance Appraisal, Compensation Administration, Occupational Health and Safety, Labor Relations and Collective Bargaining, International Personnel, Index. |
| 520 ## - SUMMARY, ETC. | |
| Summary, etc. | Personnel History and Overview, Nondiscrimination and Affirmative Action, Careers, Job Analysis and Design, Human Resource Planning, Employment, Training and Development, Performance Appraisal, Compensation Administration, Occupational Health and Safety, Labor Relations and Collective Bargaining, International Personnel, Index. |
| 700 1# - ΠΡΟΣΘΕΤΗ ΑΝΑΓΡΑΦΗ--ΦΥΣΙΚΟ ΠΡΟΣΩΠΟ | |
| Personal name | Mckenna F. John |
| 9 (RLIN) | 1236 |
| 700 1# - ΠΡΟΣΘΕΤΗ ΑΝΑΓΡΑΦΗ--ΦΥΣΙΚΟ ΠΡΟΣΩΠΟ | |
| Personal name | Sikula F. Andrew |
| 9 (RLIN) | 1237 |
| 942 ## - ADDED ENTRY ELEMENTS (KOHA) | |
| Koha item type | Books |
| Τύπος τεκμηρίου | Βιβλιοθήκη | Τρέχουσα τοποθεσία | Barcode | Αριθμός εισαγωγής | Ημερομηνία απόκτησης | Ταξιθετικό σύμβολο | Αριθμός αντιτύπου | Κατάσταση απόσυρσης | Κατάσταση χαμένου | Κατάσταση κατεστραμμένου | Μη δανεισμός | Σύνολο δανεισμών | Ημερομηνία τελευταίας εμφάνισης | Η τιμή ισχύει από |
|---|---|---|---|---|---|---|---|---|---|---|---|---|---|---|
| Books | MC Athens Campus Library | MC Athens Campus Library | 9780000009241 | 1583 | 05/06/2025 | 658.3 SIK | 1 | 05/06/2025 | 05/06/2025 |